00840nam a22002057a 4500952010300000999001700103008004100120020001800161050002300179100003200202245013900234260003600373300001900409500006900428519004400497650002300541650002600564650003700590942000700627 00102lcc4070a11b11d2013-04-18l0oLB1051 S667 2011p11 010087r2013-04-18t1w2013-04-18yLB c89490d89490130418t2011 ag ||||| |||| 00| 0 spa d a9789501260915 aLB1051 bS667 2011 aSoprano, Ana Maríaeautor aCómo evaluar el lenguaje en niños y adolescentes b: la hora del juego, lingüística y otros recursos c/ Ana María, Soprano  aArgentinab: Paidós c, 2011  a268 páginas  aLicenciatura MAX - Psicología Asignatura: Psicopatológia P05 aMaterial Complementario / d(11 010087) aNIÑOS - LENGUALE 0aAPTITUDES EN NIÑOS  0aCOMUNICACIÓN ORAL vHABILIDAD  cLB